Statistics for Biggest Cities in the Western Hemisphere A-Z

Click here to take the quiz!

General Stats

  • This quiz has been taken 148 times
    (110 since last reset)
  • The average score is 15 of 26

Answer Stats

Western Hemisphere City% Correct
LLos Angeles / London
95%
NNew York City / Newcastle-upon-Tyne
88%
MMexico City / Madrid
86%
SSão Paulo / San Francisco
81%
CChicago / Casablanca
79%
HHouston / Havana
75%
WWashington, D.C. / Winnipeg
75%
DDallas / Detroit
74%
BBuenos Aires / Bogotá
73%
RRio de Janeiro / Recife
69%
AAtlanta / Abidjan
68%
TToronto / Tampa
66%
PPhiladelphia / Phoenix
65%
QQuito / Querétaro
59%
GGuadalajara / Guatemala City
56%
VVancouver / Valencia
51%
EEdmonton / El Paso
50%
OOrlando / Ouagadougou
48%
IIndianapolis / Iquitos
46%
JJuárez / Jacksonville
44%
KKansas City / Kumasi
39%
FFortaleza / Freetown
35%
YYoungstown / Yamoussoukro
17%
UUtica / Ushuaia
13%
ZZaragoza / Zacatecas
11%
XXalapa / Xico
7%

Score Distribution

Percentile by Number Answered

Percent of People with Each Score

Your Score History

You have not taken this quiz since the last reset